000 00740nam a2200253Ia 4500
003 OSt
005 20221005021931.0
006 a|||||r|||| 00| 0
007 ta
008 221004b |||||||| |||| 00| 0 eng d
020 _a9780944142288 (hbk)
_cIndian Rupees 00
024 _a69805
037 _bGift, 01/11/2021,
_cTextual
040 _aCRL
_cCRL
_beng
041 _2eng
_aeng
082 _aV28243,1w, N0
100 _aMasters Brian
_9423941
245 0 _aMaharana
_b the story of the rulers of Udaipur
260 _aAhmedabad
_bMapin Publishing India
_c1990
300 _a175p.
_ccm.
650 _aHISTORY
942 _hV28243,1w, N0
_cTEXL
_2cc
999 _c928394
_d928394